000 00390nam a2200133Ia 4500
008 220217s9999||||xx |||||||||||||| ||und||
020 _a0-07-040228-0
082 _a004.65 LEO
100 _aLeon, Alexis Leon, Mathews
_91972
245 0 _aE-biz primer: how to design profitable websites and web port
260 _aTata mcgraw hill
_bNew Delhi
_c2001
300 _b350
650 _aWWW
999 _c172316
_d172316